Evaluación de riesgos y propuestas de mejora e higiene y seguridad laboral en corporación CEFA de Nicaragua S.A.
Presenta la evaluación de riesgos y propuestas de mejora e higiene y seguridad laboral en corporación CEFA de Nicaragua S.A. en la cual se realizó la identificación de los riesgos en materia de seguridad e higiene laboral así como la evaluación de cada uno de los riesgos encontrados y elaborac...
| Main Authors: | , |
|---|---|
| Other Authors: | |
| Format: | Tesis Section = Libro |
| Language: | Undetermined Spanish |
| Published: |
Managua
UNI
2017
|
| Subjects: |
| LEADER | 01318nam a2200265Ia 4500 | ||
|---|---|---|---|
| 008 | 240830s9999 xx 000 0 und d | ||
| 040 | |a BIBLIOTECA-RUPAP Mon 363.11 P438e | ||
| 041 | |a spa | ||
| 082 | |a Mon 363.11 P438e | ||
| 100 | 1 | |a Pérez Flores, Claudia Elena | |
| 100 | 1 | |b Reina Herrera, Leonel Alberto | |
| 245 | 1 | 0 | |a Evaluación de riesgos y propuestas de mejora e higiene y seguridad laboral en corporación CEFA de Nicaragua S.A. |
| 260 | |a Managua |b UNI |c 2017 | ||
| 300 | |a 296 p. :il. | ||
| 500 | |a Contiene anexos y CD | ||
| 502 | |a Tesis (Ingeniero Industrial)- UNI, 2017. | ||
| 520 | 3 | |a Presenta la evaluación de riesgos y propuestas de mejora e higiene y seguridad laboral en corporación CEFA de Nicaragua S.A. en la cual se realizó la identificación de los riesgos en materia de seguridad e higiene laboral así como la evaluación de cada uno de los riesgos encontrados y elaboración y propuestas de medidas de prevención y protección para los trabajadores en sus puestos. | |
| 650 | 7 | |a EVALUACION DE RIESGOS LABORALES | |
| 650 | 7 | |b SEGURIDAD INDUSTRIAL | |
| 650 | 7 | |c ACCIDENTES DE TRABAJO - PREVENCION | |
| 650 | 7 | |d REGLAMENTO TECNICO ORGANIZATIVO - HIGIENE Y SEGURIDAD | |
| 700 | 1 | |a Tutor: |b Cáceres Antón, Juan Agustín | |
| 942 | |c BK |2 ddc | ||
| 991 | |a TESIS | ||
| 999 | |c 15485 | ||